| 000 | 00706nam a22002417a 4500 | ||
|---|---|---|---|
| 003 | OSt | ||
| 005 | 20220107122847.0 | ||
| 008 | 190118b xxu||||| |||| 00| 0 eng d | ||
| 020 | _a9781484228449 | ||
| 040 | _cIIITMK | ||
| 082 | _a006.31M KIM/M | ||
| 100 |
_aKim, Phil _915259 |
||
| 245 |
_aMATLAB deep learning: _bWith machine learning, neural networks and artificial intelligence _cPhil Kim |
||
| 260 |
_aUSA, _bApress, _c2017. |
||
| 300 | _axvii, 151p. | ||
| 650 |
_aCOMPUTER SCIENCE _916385 |
||
| 650 |
_aDEEP LEARNING _916386 |
||
| 650 |
_aMACHINE LEARNING _916387 |
||
| 650 |
_aNEURAL NETWORKS _916388 |
||
| 650 |
_aARTIFICIAL INTELLIGENCE _916389 |
||
| 650 |
_aMATLAB _916390 |
||
| 942 |
_2ddc _cBK |
||
| 999 |
_c6360 _d6360 |
||